000 00219nam a22001097a 4500
041 _aeng
080 _a80
100 _aWells, G.C.
245 _aLongman Pronunciation Dictionary.
650 _aReference
999 _c277679
_d277679
942 _cBK